Der Schuss auf die Kanzel : eine Erzählung /

Bibliographic Details
Main Author: Burger, Hermann
Format: Book
Language:German
Published: Zürich : Ammann Verlag, [1988]

MARC

Tag First Indicator Second Indicator Subfields
LEADER 00000cam a2200000 a 4500
001 in00000023666
005 20151007054305.0
008 880502s1988 sz 00011 ger d
020 |a 3250101028 
035 |a (OCoLC)17884658 
035 |9 AAB4584AM 
040 |a AZU  |c AZU  |d TXA  |d UtOrBLW 
049 |a TXAM  |c [A11521309] 
050 4 |a PT2662.U67  |b S38 1988 
100 1 |a Burger, Hermann. 
245 1 4 |a Der Schuss auf die Kanzel :  |b eine Erzählung /  |c Hermann Burger. 
264 1 |a Zürich :  |b Ammann Verlag,  |c [1988] 
264 4 |c ©1988 
300 |a 187 pages ;  |c 20 cm. 
336 |a text  |b txt  |2 rdacontent 
337 |a unmediated  |b n  |2 rdamedia 
338 |a volume  |b nc  |2 rdacarrier 
999 |a MARS 
999 f f |s 84ec7ad0-49d4-3afa-acee-2fb5ab163830  |i 764d71af-769f-308b-8b29-6f647c681151  |t 0 
952 f f |p ric  |a Texas A&M University  |b Rellis Campus  |c Joint Library Facility  |d Remote Storage  |t 0  |e PT2662.U67 S38 1988  |h Library of Congress classification  |i unmediated -- volume  |m A14811521309 
998 f f |a PT2662.U67 S38 1988  |t 0  |l Remote Storage